00500nam a2200169Ia 450000500170000000800410001702000180005804100120007608200150008810000180010324500660012126000590018730000200024665000190026665000240028565000210030920260429112034.0260429s9999||||xx |||||||||||||| ||und|| a9781804892381 aEnglish a338.9bDRA aDrake, Amara  0aEconomic reform and social sector development / cAmara Drake aUnited Kingdom : bBrilliant Publication Ltd. ,c2025. axii, 294 p.; hb a Public policy a Social development aEconomic reforms